[Event "VIII Torneo Leonardo di Bona B"]
[Site "Cutro ITA"]
[Date "2002.04.26"]
[Round "3"]
[White "Mano, Vincenzo"]
[Black "Conforti, Raffaello"]
[Result "1-0"]
[WhiteElo "1798"]
[BlackElo "1651"]
[PlyCount "101"]
[EventDate "2002.04.24"]

1. d4 Nf6 2. c4 g6 3. Nc3 Bg7 4. e4 d6 5. h3 O-O 6. Nf3 e5 7. dxe5 dxe5 8. Bg5
Qxd1+ 9. Rxd1 Nc6 10. Bxf6 Bxf6 11. Nd5 Bd8 12. Be2 Be6 13. O-O Rc8 14. a3 a5
15. Rfe1 f6 16. Rb1 Be7 17. Nxe7+ Nxe7 18. b4 axb4 19. axb4 b6 20. Rec1 c5 21.
Rd1 Rfd8 22. Rxd8+ Rxd8 23. bxc5 bxc5 24. Rb7 Rd7 25. Rb5 Rc7 26. Nd2 Nc8 27.
f3 Kf8 28. Kf2 Nd6 29. Rb6 Ke7 30. Ra6 Kd7 31. Ra5 h5 32. Ke3 f5 33. Kd3 fxe4+
34. fxe4 Nb7 35. Ra6 Ke7 36. Nf3 Kf6 37. h4 Rd7+ 38. Kc3 Rd6 39. Ra7 Rb6 40.
Ng5 Bg8 41. Ra8 Kg7 42. Re8 Nd6 43. Rxe5 Rc6 44. Re7+ Kf8 45. Ra7 Nf7 46. Nf3
Re6 47. Bd3 Rc6 48. Kb3 Nd6 49. Ne5 Rc8 50. Nxg6+ Ke8 51. Ne7 1-0

[Event "VIII Torneo Leonardo di Bona B"]
[Site "Cutro ITA"]
[Date "2002.04.26"]
[Round "3"]
[White "Morelli, Gaetano"]
[Black "Russo, Carmelo"]
[Result "1-0"]
[WhiteElo "1668"]
[BlackElo "1669"]
[PlyCount "89"]
[EventDate "2002.04.24"]

1. d4 Nf6 2. c4 g6 3. Nc3 d5 4. cxd5 Nxd5 5. e4 Nxc3 6. bxc3 Bg7 7. Bc4 c5 8.
Ne2 O-O 9. O-O cxd4 10. cxd4 Nc6 11. Be3 Bg4 12. f3 Bc8 13. Rb1 e6 14. Qd2 a6
15. Rfd1 b5 16. Bb3 Qa5 17. Rbc1 Qxd2 18. Rxd2 Na5 19. Rc7 Nxb3 20. axb3 b4 21.
d5 Be5 22. d6 Rd8 23. Bf4 Bxf4 24. Nxf4 Bd7 25. Nd3 a5 26. Nc5 a4 27. bxa4 Bxa4
28. Ra2 Rxd6 29. Rxa4 Rxa4 30. Nxa4 Rd1+ 31. Kf2 Ra1 32. Nc5 Ra3 33. Rb7 Rc3
34. Rb5 Rc2+ 35. Kg3 Rc4 36. Na6 f5 37. Rxb4 Rxb4 38. Nxb4 Kf7 39. e5 g5 40. h4
gxh4+ 41. Kxh4 Kg6 42. f4 Kf7 43. Kh5 Ke7 44. Nc6+ Kd7 45. Nd4 1-0

[Event "VIII Torneo Leonardo di Bona B"]
[Site "Cutro ITA"]
[Date "2002.04.26"]
[Round "3"]
[White "Solenghi, Giuseppe"]
[Black "Tomba, Patrizia"]
[Result "1/2-1/2"]
[WhiteElo "1624"]
[BlackElo "1543"]
[PlyCount "137"]
[EventDate "2002.04.24"]

1. e4 e5 2. d4 exd4 3. c3 dxc3 4. Bc4 Qe7 5. Nxc3 d6 6. Nf3 Be6 7. Bxe6 Qxe6 8.
O-O Nc6 9. Ng5 Qd7 10. Re1 O-O-O 11. Qb3 Nh6 12. Nd5 Nd4 13. Qc4 Ne6 14. Nxe6
fxe6 15. Nb4 d5 16. exd5 exd5 17. Qd4 Bxb4 18. Qxb4 Nf5 19. Bf4 Nd6 20. Rac1
Kb8 21. Rxc7 Qxc7 22. Re6 Ka8 23. h3 Qc4 24. Bxd6 Qxb4 25. Bxb4 d4 26. Re2 d3
27. Rd2 Rhe8 28. Kf1 Re4 29. Bc3 g6 30. f3 Re3 31. Kf2 Rde8 32. Kg3 Rd8 33. Kf2
Re6 34. f4 Ra6 35. a3 Re6 36. Be5 g5 37. g3 gxf4 38. gxf4 Rc6 39. Bc3 Rc4 40.
Kf3 Rf8 41. Rxd3 Rcxf4+ 42. Kg3 R4f5 43. Kg4 h5+ 44. Kg3 Rf4 45. Rd8+ Rxd8 46.
Kxf4 Rd5 47. h4 Kb8 48. Ke4 Rc5 49. Kd4 b6 50. Ke4 Kb7 51. Bf6 Kc6 52. Kf4 b5
53. Bc3 a6 54. Bb4 Rd5 55. Bc3 Kd7 56. Bf6 Ke6 57. Bc3 Rf5+ 58. Ke4 Rf1 59. Bd2
Rf2 60. Kd3 Rxd2+ 61. Kxd2 Kf5 62. Ke3 Kg4 63. Ke4 Kxh4 64. Kf4 Kh3 65. Kf3 h4
66. b3 Kh2 67. Kf2 h3 68. b4 Kh1 69. Kf1 1/2-1/2

[Event "VIII Torneo Leonardo di Bona B"]
[Site "Cutro ITA"]
[Date "2002.04.26"]
[Round "3"]
[White "Todic, Simo"]
[Black "Sautto, Alessandra"]
[Result "1-0"]
[WhiteElo "1693"]
[BlackElo "1686"]
[PlyCount "41"]
[EventDate "2002.04.24"]

1. e4 e6 2. d4 d5 3. Nc3 Bb4 4. e5 c5 5. a3 Bxc3+ 6. bxc3 Ne7 7. Qg4 O-O 8. Bg5
Nbc6 9. Bf6 g6 10. Qg5 Qa5 11. Ne2 Nf5 12. g4 h6 13. Qd2 Ncxd4 14. cxd4 Qxd2+
15. Kxd2 Nxd4 16. Nxd4 cxd4 17. Rb1 b6 18. Bd3 Bb7 19. h4 Rfc8 20. f4 Kf8 21.
h5 1-0

[Event "VIII Torneo Leonardo di Bona B"]
[Site "Cutro ITA"]
[Date "2002.04.27"]
[Round "4"]
[White "Alo', Lucio"]
[Black "Olivo, Paolo"]
[Result "0-1"]
[WhiteElo "1489"]
[BlackElo "1570"]
[PlyCount "84"]
[EventDate "2002.04.24"]

1. d4 Nf6 2. Bg5 e6 3. c4 Bb4+ 4. Nc3 d5 5. Qb3 Be7 6. cxd5 exd5 7. Bxf6 Bxf6
8. Nxd5 Bxd4 9. Rd1 c6 10. Rxd4 cxd5 11. e4 Qa5+ 12. Rb4 O-O 13. exd5 Re8+ 14.
Be2 Na6 15. Qa4 Qxb4+ 16. Qxb4 Nxb4 17. f3 Nxd5 18. Kf2 Nf4 19. Bc4 Be6 20. Bb5
Re7 21. g3 a6 22. Ba4 b5 23. Bc2 Nd5 24. Ne2 Nb4 25. Be4 Rd8 26. a3 Nd3+ 27.
Ke3 Nxb2 28. Nd4 Bd5 29. Nf5 Ree8 30. Kf4 Bxe4 31. fxe4 g6 32. Nh6+ Kg7 33. Ng4
Nd3+ 34. Ke3 f5 35. Nf2 Nxf2 36. Kxf2 Rxe4 37. Rc1 Rd2+ 38. Kf1 Rxh2 39. Rc7+
Kh6 40. Kg1 Rd2 41. Rc1 Rc4 42. Re1 Rcc2 0-1

[Event "VIII Torneo Leonardo di Bona B"]
[Site "Cutro ITA"]
[Date "2002.04.27"]
[Round "4"]
[White "Anastasio, Giovanni"]
[Black "Levato, Biagio"]
[Result "1/2-1/2"]
[WhiteElo "1507"]
[BlackElo "1413"]
[PlyCount "95"]
[EventDate "2002.04.24"]

1. d4 d5 2. e3 e6 3. a3 c5 4. dxc5 Bxc5 5. b4 Bd6 6. Bb2 Nf6 7. Nf3 O-O 8. c4
dxc4 9. Bxc4 Nbd7 10. O-O Qc7 11. Bd3 b6 12. Nbd2 Bb7 13. Rc1 Qb8 14. Nc4 Bxf3
15. Qxf3 Bxh2+ 16. Kh1 Bc7 17. g3 a5 18. b5 e5 19. e4 Re8 20. a4 Nf8 21. Ne3
Ne6 22. Ng4 Nxg4 23. Qxg4 Qd8 24. Rfd1 Rc8 25. Be2 Qg5 26. Qxg5 Nxg5 27. Bg4
Ne6 28. Rd7 Nc5 29. Rdd1 Rcd8 30. Rd5 Bb8 31. Rc4 Nxe4 32. Bd7 Re7 33. Rxe4
Rdxd7 34. Rxd7 Rxd7 35. Bxe5 Bxe5 36. Rxe5 f6 37. Re6 Rb7 38. Kg2 Kf7 39. Rc6
Ke7 40. g4 h6 41. Kh3 Kf7 42. Kh4 g6 43. f4 g5+ 44. fxg5 hxg5+ 45. Kh5 Rb8 46.
Rc7+ Ke6 47. Rc6+ Ke5 48. Kg6 1/2-1/2

[Event "VIII Torneo Leonardo di Bona B"]
[Site "Cutro ITA"]
[Date "2002.04.27"]
[Round "4"]
[White "Armentano, Alessio"]
[Black "Sautto, Alessandra"]
[Result "1-0"]
[WhiteElo "1828"]
[BlackElo "1686"]
[PlyCount "69"]
[EventDate "2002.04.24"]

1. e4 e6 2. d4 d5 3. e5 c5 4. c3 Nc6 5. Nf3 Nge7 6. Bd3 Bd7 7. O-O cxd4 8. cxd4
Qb6 9. Nc3 Ng6 10. Re1 Be7 11. Rb1 O-O 12. Be3 Nb4 13. Bf1 Nc6 14. g3 Rac8 15.
a3 Na5 16. Bh3 Qd8 17. Ne2 Nc4 18. Bc1 Qb6 19. Nc3 Rfd8 20. Qe2 Qc7 21. Nd1 Bb5
22. Qc2 Qd7 23. Nc3 Nb6 24. Qb3 Bc4 25. Qd1 Ba6 26. Ne2 Nc4 27. Nd2 Nxd2 28.
Bxd2 Bd3 29. Rc1 Rxc1 30. Bxc1 Ba6 31. Nc3 Rc8 32. Qf3 b6 33. Qe3 Qc6 34. Bd2
Qc4 35. Bf1 1-0

[Event "VIII Torneo Leonardo di Bona B"]
[Site "Cutro ITA"]
[Date "2002.04.27"]
[Round "4"]
[White "Baffa, Pietro"]
[Black "Tomba, Patrizia"]
[Result "1-0"]
[WhiteElo "1636"]
[BlackElo "1543"]
[PlyCount "117"]
[EventDate "2002.04.24"]

1. d4 Nf6 2. c4 g6 3. Nc3 Bg7 4. e4 d6 5. Nf3 O-O 6. h3 Nbd7 7. Bd3 e5 8. d5
Nc5 9. b4 Nxd3+ 10. Qxd3 Nh5 11. O-O f5 12. Bg5 Qe8 13. Rae1 f4 14. Nb5 Rf7 15.
c5 a6 16. Nc3 h6 17. Bh4 g5 18. Bxg5 hxg5 19. Nxg5 Rf6 20. Kh1 Rh6 21. Nf3 Nf6
22. Nh2 Qg6 23. Rg1 Ng4 24. Qf3 Nxh2 25. Kxh2 Bg4 26. Qd3 Rf8 27. Nd1 f3 28.
Re3 Qh5 29. Rh1 Bxh3 30. Kg1 Qg4 31. g3 Rg6 32. Rxh3 Qxh3 33. Rxf3 Rxf3 34.
Qxf3 Rh6 35. Ne3 Qh2+ 36. Kf1 Qh1+ 37. Ke2 Qxf3+ 38. Kxf3 Rf6+ 39. Ke2 dxc5 40.
bxc5 Bf8 41. Ng4 Be7 42. Nxf6+ Bxf6 43. Kd3 Kf7 44. Kc4 Bg5 45. a4 Bd2 46. f3
Be1 47. g4 Kf6 48. Kd3 Kg5 49. Kc4 Kf4 50. d6 cxd6 51. cxd6 Bh4 52. Kd5 Bd8 53.
d7 Bc7 54. Kc4 Kxf3 55. g5 Kxe4 56. g6 Kf5 57. g7 e4 58. g8=Q e3 59. Kd3 1-0

[Event "VIII Torneo Leonardo di Bona B"]
[Site "Cutro ITA"]
[Date "2002.04.27"]
[Round "4"]
[White "Fittante, Giuliana"]
[Black "Mano, Vincenzo"]
[Result "1/2-1/2"]
[WhiteElo "1815"]
[BlackElo "1798"]
[PlyCount "45"]
[EventDate "2002.04.24"]

1. d4 d5 2. Nf3 h6 3. e3 Nf6 4. Bd3 Nbd7 5. Nbd2 e6 6. Qe2 c5 7. c3 Be7 8. O-O
Qc7 9. e4 dxe4 10. Nxe4 b6 11. Nxf6+ Nxf6 12. Ne5 O-O 13. Bf4 Bd6 14. Rad1 Bb7
15. Rfe1 cxd4 16. cxd4 Bd5 17. Bb1 Qb7 18. f3 Rfd8 19. Qd3 Bb4 20. Re2 Rac8 21.
Bd2 Bxd2 22. Rexd2 Rc7 23. Qe2 1/2-1/2

[Event "VIII Torneo Leonardo di Bona B"]
[Site "Cutro ITA"]
[Date "2002.04.27"]
[Round "4"]
[White "Grano, Giuseppe"]
[Black "Conforti, Raffaello"]
[Result "0-1"]
[WhiteElo "1567"]
[BlackElo "1651"]
[PlyCount "106"]
[EventDate "2002.04.24"]

1. Nf3 Nf6 2. d4 d6 3. e3 g6 4. Bd3 Bg7 5. O-O O-O 6. Nbd2 Nbd7 7. c3 c6 8. Re1
Re8 9. Qc2 e5 10. e4 Nb6 11. b4 Bd7 12. a4 a5 13. Bb2 Qc7 14. dxe5 dxe5 15. Qb3
Be6 16. c4 Nfd7 17. Ng5 c5 18. b5 Nf8 19. Qc3 Re7 20. f4 Bd7 21. Ngf3 f6 22.
fxe5 fxe5 23. Nb3 Nc8 24. Bc1 h6 25. Be3 b6 26. Qc1 Kh7 27. Qc2 Nd6 28. Qf2 Ne6
29. Qh4 Nc8 30. Ng5+ Nxg5 31. Bxg5 Rf7 32. Rf1 Nd6 33. Nd2 Raf8 34. Be3 Be6 35.
Nf3 Qe7 36. Bg5 Qc7 37. Bxh6 Bxh6 38. Ng5+ Kg8 39. Rxf7 Rxf7 40. Qxh6 Rf6 41.
Nxe6 Rxe6 42. Rf1 Qe7 43. Rf3 Nf7 44. Qe3 Kg7 45. Rg3 Rf6 46. Rf3 Rd6 47. Qe2
Ng5 48. Rg3 Ne6 49. Qh5 Nf4 50. Qd1 Qd7 51. Qf1 Rxd3 52. Rxd3 Qxd3 53. Qxd3
Nxd3 0-1

[Event "VIII Torneo Leonardo di Bona B"]
[Site "Cutro ITA"]
[Date "2002.04.27"]
[Round "4"]
[White "Leto, Marco"]
[Black "Todic, Simo"]
[Result "0-1"]
[WhiteElo "1639"]
[BlackElo "1693"]
[PlyCount "90"]
[EventDate "2002.04.24"]

1. d4 d5 2. c4 dxc4 3. Nf3 c6 4. Nc3 Nd7 5. a4 b6 6. e3 e6 7. Bxc4 Bb4 8. O-O
Ngf6 9. Qc2 O-O 10. e4 Bb7 11. Bd3 g6 12. Bg5 Be7 13. e5 Nd5 14. Bxe7 Qxe7 15.
Ne4 Nb4 16. Qd2 Nxd3 17. Qxd3 c5 18. dxc5 Bxe4 19. Qxe4 Nxc5 20. Qe3 Rad8 21.
Qh6 f6 22. a5 Nb3 23. Ra4 Nxa5 24. exf6 Rxf6 25. Qg5 Rd5 26. Qh4 Rf7 27. Qe4
Nb3 28. Qg4 Qd7 29. Re4 Rxf3 30. gxf3 Nd2 31. Qxe6+ Qxe6 32. Rxe6 Rg5+ 33. Kh1
Nxf1 34. Rd6 Nxh2 35. Kxh2 Rf5 36. Rd8+ Kg7 37. Kg3 a5 38. f4 h5 39. Rd4 Rb5
40. Rd2 Kf6 41. f3 Ke6 42. Kh4 Kf5 43. Kg3 h4+ 44. Kxh4 Kxf4 45. Rf2 Rh5# 0-1

[Event "VIII Torneo Leonardo di Bona B"]
[Site "Cutro ITA"]
[Date "2002.04.27"]
[Round "4"]
[White "Liperoti, Mimmo"]
[Black "Londino, Eugenio"]
[Result "1-0"]
[WhiteElo "1600"]
[BlackElo "1473"]
[PlyCount "70"]
[EventDate "2002.04.24"]

1. e4 c5 2. c4 e6 3. Nc3 g6 4. Nf3 Bg7 5. Be2 Ne7 6. d3 O-O 7. Bf4 Nbc6 8. Qd2
a6 9. Bh6 d6 10. h4 Qd7 11. g4 Re8 12. h5 Bh8 13. O-O-O Ne5 14. Ng5 N7c6 15. f4
f6 16. fxe5 fxg5 17. Qxg5 Nxe5 18. d4 Nf7 19. Qe3 Bxd4 20. Rxd4 cxd4 21. Qxd4
Nxh6 22. hxg6 Qg7 23. Qe3 hxg6 24. Rxh6 Re7 25. Qg5 Kf7 26. e5 dxe5 27. Bd3 Bd7
28. Bxg6+ Kf8 29. Rh7 Qxh7 30. Bxh7 Rxh7 31. Qf6+ Kg8 32. Ne4 Rf8 33. Qg6+ Rg7
34. Nf6+ Rxf6 35. Qxf6 e4 1-0

[Event "VIII Torneo Leonardo di Bona B"]
[Site "Cutro ITA"]
[Date "2002.04.27"]
[Round "4"]
[White "Morelli, Gaetano"]
[Black "Forlano, Luigi"]
[Result "1/2-1/2"]
[WhiteElo "1668"]
[BlackElo "1884"]
[PlyCount "144"]
[EventDate "2002.04.24"]

1. d4 d5 2. c4 c6 3. cxd5 cxd5 4. Nc3 Nf6 5. Nf3 Nc6 6. e3 Bf5 7. Bb5 e6 8. Qa4
Qc7 9. Ne5 Rc8 10. Qxa7 Bd6 11. Bxc6+ bxc6 12. Qxc7 Rxc7 13. Nf3 Ke7 14. h3 Rb8
15. a3 Ra7 16. Ke2 Bc2 17. Ne1 Bb3 18. f3 Nh5 19. Kd2 Ng3 20. Rg1 e5 21. Nd3 f6
22. f4 e4 23. Nf2 g5 24. fxg5 fxg5 25. Nh1 Rf8 26. Nxg3 Bxg3 27. Nd1 Bxd1 28.
Kxd1 Rf2 29. Bd2 Bh2 30. Rh1 Rxg2 31. Kc2 Bd6 32. Rag1 Rxg1 33. Rxg1 Kf6 34.
Be1 Kg6 35. Bg3 Bxg3 36. Rxg3 Rf7 37. a4 h5 38. h4 g4 39. a5 Rb7 40. Kc3 Kf6
41. b4 Ke6 42. Kb3 Rf7 43. Kc3 Kd6 44. Rg2 Rf3 45. Kd2 Kc7 46. Rg1 Kb7 47. Rc1
Rf2+ 48. Ke1 Rb2 49. a6+ Kxa6 50. Rxc6+ Kb5 51. Rc5+ Kxb4 52. Rxd5 Kc4 53. Rxh5
g3 54. Kf1 Rf2+ 55. Kg1 Kd3 56. Rg5 Rf3 57. d5 Kxe3 58. d6 Kd4 59. d7 Rf8 60.
Rxg3 Rd8 61. Rg7 Kd3 62. Kf1 e3 63. h5 Kd2 64. Re7 Rf8+ 65. Kg2 Rg8+ 66. Kf3
Rf8+ 67. Kg4 Rd8 68. h6 e2 69. h7 e1=Q 70. Rxe1 Kxe1 71. Kf5 Kf2 72. Ke6 Rh8
1/2-1/2

[Event "VIII Torneo Leonardo di Bona B"]
[Site "Cutro ITA"]
[Date "2002.04.27"]
[Round "4"]
[White "Olivo, Gaetano"]
[Black "Russo, Carmelo"]
[Result "0-1"]
[WhiteElo "1513"]
[BlackElo "1669"]
[PlyCount "133"]
[EventDate "2002.04.24"]

1. e4 c5 2. Nf3 d6 3. d4 cxd4 4. Nxd4 Nf6 5. Nc3 g6 6. Bg5 Qa5 7. Bxf6 exf6 8.
Bb5+ Bd7 9. Bxd7+ Nxd7 10. Ndb5 Rc8 11. O-O Rc6 12. Qd5 Qa6 13. Qd4 Bg7 14.
Qxa7 O-O 15. Qxa6 bxa6 16. Nd4 Rb6 17. Nb3 Re8 18. Rfe1 Ne5 19. Nd5 Rb7 20. c3
Nd3 21. Re2 f5 22. f3 fxe4 23. fxe4 f5 24. Rd1 Rxe4 25. Rxe4 fxe4 26. Kf1 Rf7+
27. Ke2 Rf2+ 28. Ke3 Rxb2 29. Rd2 Bh6+ 30. Kxe4 Nc5+ 31. Nxc5 Rxd2 32. Nxa6
Rxa2 33. Nac7 Rxg2 34. Ne8 Re2+ 35. Kd3 Rxh2 36. Nxd6 Bc1 37. c4 Ba3 38. Ne4
Rh3+ 39. Kd4 Rh1 40. Nb6 Rb1 41. c5 Rb4+ 42. Kd5 Rxe4 43. Kxe4 Bxc5 44. Nd7 Be7
45. Ne5 Kg7 46. Nc6 Bf6 47. Nb4 Bh4 48. Nc2 Bf2 49. Kf3 Ba7 50. Nb4 Kf6 51. Nc6
Bc5 52. Na5 Kf5 53. Nb3 Ba7 54. Nd2 g5 55. Nf1 g4+ 56. Kg3 Kg5 57. Nd2 Bb8+ 58.
Kg2 h5 59. Kh1 h4 60. Kg2 h3+ 61. Kh1 Kh4 62. Nf1 Kg5 63. Ne3 g3 64. Nd1 Kf4
65. Kg1 Kf3 66. Kh1 g2+ 67. Kg1 0-1

[Event "VIII Torneo Leonardo di Bona B"]
[Site "Cutro ITA"]
[Date "2002.04.27"]
[Round "4"]
[White "Paragliola, Gennaro"]
[Black "Solenghi, Giuseppe"]
[Result "1-0"]
[WhiteElo "1495"]
[BlackElo "1624"]
[PlyCount "130"]
[EventDate "2002.04.24"]

1. d4 d5 2. c4 e5 3. dxe5 d4 4. e3 Bb4+ 5. Bd2 dxe3 6. Bxb4 exf2+ 7. Ke2 Bg4+
8. Nf3 Qxd1+ 9. Kxd1 Nc6 10. Bc3 O-O-O+ 11. Nbd2 f5 12. Ke2 Nh6 13. Kxf2 Bxf3
14. gxf3 Nxe5 15. Bxe5 Rxd2+ 16. Ke3 Rhd8 17. Bxg7 f4+ 18. Kxf4 Nf7 19. Bh3+
Kb8 20. Rae1 Nd6 21. c5 Nc4 22. Re4 Nxb2 23. Bxb2 Rxb2 24. Rhe1 Rf8+ 25. Bf5 a6
26. R1e2 Rb5 27. Re5 Rb4+ 28. Kg3 Rg8+ 29. Kf2 Rh4 30. h3 Ka7 31. Re8 Rg5 32.
Rf8 Rf4 33. Ree8 b6 34. Ra8+ Kb7 35. Be4+ Rxe4 36. fxe4 Rxc5 37. Rfb8+ Kc6 38.
Rxa6 Rc3 39. Kg2 Re3 40. Re8 Kb5 41. Raa8 c5 42. a4+ Kb4 43. e5 c4 44. Kf2 Rxh3
45. e6 c3 46. Rac8 Kb3 47. Rc6 c2 48. Rec8 Rh2+ 49. Kg1 Re2 50. Rxb6+ Ka3 51.
Rbc6 Kxa4 52. Kf1 Re5 53. Rc4+ Kb3 54. Rc3+ Kb4 55. R8c4+ Kb5 56. Rxc2 Rxe6 57.
Rc5+ Kb6 58. R5c3 Kb5 59. Rb2+ Ka4 60. Rb7 h5 61. Rc2 Ka3 62. Rc5 Rf6+ 63. Kg2
Rg6+ 64. Kh3 Rg4 65. Rxh5 Ra4 1-0

[Event "VIII Torneo Leonardo di Bona B"]
[Site "Cutro ITA"]
[Date "2002.04.27"]
[Round "4"]
[White "Parrotta, Daniele"]
[Black "Frontera, Giuseppe"]
[Result "1-0"]
[WhiteElo "1723"]
[BlackElo "1768"]
[PlyCount "63"]
[EventDate "2002.04.24"]

1. e4 c5 2. c3 d6 3. d4 Nf6 4. Bd3 Nc6 5. d5 Ne5 6. Bc2 g6 7. f4 Bg4 8. Ne2 Nc4
9. h3 Bxe2 10. Qxe2 Nb6 11. O-O Bg7 12. Be3 Qc7 13. Nd2 O-O 14. g4 Kh8 15. f5
Nfd7 16. g5 gxf5 17. exf5 Nxd5 18. f6 exf6 19. Qh5 f5 20. Bxf5 h6 21. gxh6 Be5
22. Rae1 Rg8+ 23. Kh1 N7f6 24. Qe2 Rg3 25. Rf3 Rag8 26. Rxg3 Rxg3 27. Nf1 Nxe3
28. Nxg3 Qc6+ 29. Kg1 Bxg3 30. Qxe3 Bxe1 31. Qg5 Ne8 32. Qe7 1-0

[Event "VIII Torneo Leonardo di Bona B"]
[Site "Cutro ITA"]
[Date "2002.04.28"]
[Round "5"]
[White "Conforti, Raffaello"]
[Black "Armentano, Alessio"]
[Result "1/2-1/2"]
[WhiteElo "1651"]
[BlackElo "1828"]
[PlyCount "117"]
[EventDate "2002.04.24"]

1. Nf3 f5 2. d4 d6 3. Bg5 Nf6 4. Nc3 Nbd7 5. e3 h6 6. Bh4 g5 7. Bg3 Bg7 8. Bd3
Nf8 9. h4 g4 10. Nd2 Nh5 11. Bh2 Ng6 12. Bg3 e5 13. dxe5 dxe5 14. Qe2 Be6 15.
O-O-O Qe7 16. Bb5+ c6 17. Bc4 O-O-O 18. Bb3 Rhf8 19. Rhe1 Bf6 20. Rh1 Bd7 21.
Nc4 Be6 22. a4 Rfe8 23. a5 Bd5 24. e4 Nhf4 25. Qe3 Nxg2 26. Qxa7 Bxc4 27. Bxc4
Qb4 28. Rxd8+ Rxd8 29. Be6+ Kc7 30. Bxf5 N6xh4 31. Bxh4 Nxh4 32. Bxg4 Bg5+ 33.
Kb1 Be7 34. Qb6+ Qxb6 35. axb6+ Kxb6 36. f3 Rf8 37. Rh3 Bg5 38. Ne2 Ng2 39. Rh1
Ne3 40. Bh5 Rd8 41. Nc1 Rd2 42. Nd3 Nc4 43. Bf7 Ne3 44. Bb3 Kc7 45. Nxe5 Rf2
46. Rh3 Rf1+ 47. Ka2 Ng2 48. Nf7 Nh4 49. Nxg5 hxg5 50. e5 Rxf3 51. Rh1 Re3 52.
e6 Re5 53. Rd1 Nf5 54. Rd7+ Kc8 55. Rh7 Nd4 56. Rh8+ Kc7 57. Rg8 Nxb3 58. Kxb3
Kd6 59. Rg6 1/2-1/2

[Event "VIII Torneo Leonardo di Bona B"]
[Site "Cutro ITA"]
[Date "2002.04.28"]
[Round "5"]
[White "Forlano, Luigi"]
[Black "Leto, Marco"]
[Result "1-0"]
[WhiteElo "1884"]
[BlackElo "1639"]
[PlyCount "137"]
[EventDate "2002.04.24"]

1. e4 c5 2. Nf3 e6 3. d3 Nc6 4. g3 d5 5. Nbd2 Nf6 6. Bg2 dxe4 7. dxe4 Be7 8.
O-O O-O 9. c3 Qc7 10. Qe2 b6 11. e5 Nd7 12. Ne4 Bb7 13. Bf4 Rab8 14. Nd6 Bxd6
15. exd6 Qd8 16. Rad1 h6 17. h4 Qf6 18. Rfe1 Rfe8 19. Nh2 Qg6 20. h5 Qh7 21.
Ng4 e5 22. Be4 f5 23. Bxc6 Bxc6 24. Qc4+ Kf8 25. Nxe5 Nxe5 26. Rxe5 Rxe5 27.
Bxe5 Qg8 28. Qh4 Re8 29. d7 Bxd7 30. Rxd7 Rxe5 31. Qd8+ Re8 32. Qc7 Qe6 33.
Rxg7 Qe1+ 34. Kg2 Qe4+ 35. Kh2 Qe6 36. Rg6 Qf7 37. Qd6+ Qe7 38. Qf4 Qe5 39.
Qxh6+ Ke7 40. Qg7+ Qxg7 41. Rxg7+ Kf6 42. h6 Re2 43. Kg2 a5 44. Rb7 Kg6 45.
Rxb6+ Kh7 46. Kf3 Rd2 47. Ke3 Rc2 48. a3 a4 49. f3 Rg2 50. Kf4 Rf2 51. Kxf5
Rxf3+ 52. Kg4 Rd3 53. Kh4 Rd2 54. g4 Rh2+ 55. Kg5 Re2 56. Rb7+ Kh8 57. Kh5 c4
58. g5 Re5 59. Kg6 Re6+ 60. Kf5 Rd6 61. g6 Rd8 62. Rb4 Rd5+ 63. Ke6 Rd8 64.
Rxc4 Rg8 65. Kf6 Rf8+ 66. Kg5 Ra8 67. h7 Kg7 68. Rc7+ Kh8 69. Kh6 1-0

[Event "VIII Torneo Leonardo di Bona B"]
[Site "Cutro ITA"]
[Date "2002.04.28"]
[Round "5"]
[White "Frontera, Giuseppe"]
[Black "Morelli, Gaetano"]
[Result "0-1"]
[WhiteElo "1768"]
[BlackElo "1668"]
[PlyCount "84"]
[EventDate "2002.04.24"]

1. e4 Nf6 2. e5 Nd5 3. d4 d6 4. Nf3 Bg4 5. Bc4 e6 6. Bxd5 exd5 7. Bf4 dxe5 8.
dxe5 Bc5 9. O-O O-O 10. Qd3 f6 11. exf6 Bxf3 12. Qxf3 Rxf6 13. Bg5 Rxf3 14.
Bxd8 Rf7 15. Nc3 Nc6 16. Bh4 Nb4 17. Na4 Bd6 18. c3 b5 19. cxb4 bxa4 20. a3 a5
21. bxa5 Rxa5 22. Bg3 Bxg3 23. fxg3 Rxf1+ 24. Kxf1 Rb5 25. Rb1 c5 26. Ke2 Kf7
27. Kd2 Ke6 28. Kc2 Rb7 29. Re1+ Kd6 30. Rf1 d4 31. Rf2 Kd5 32. Rf5+ Kc4 33.
Rf4 Re7 34. Kd2 Kb3 35. Rf5 Rc7 36. Kc1 d3 37. Rd5 Kc4 38. Rd8 Rf7 39. Ra8 Rf1+
40. Kd2 Rf2+ 41. Kd1 Rxb2 42. Rxa4+ Kc3 0-1

[Event "VIII Torneo Leonardo di Bona B"]
[Site "Cutro ITA"]
[Date "2002.04.28"]
[Round "5"]
[White "Londino, Eugenio"]
[Black "Anastasio, Giovanni"]
[Result "0-1"]
[WhiteElo "1473"]
[BlackElo "1507"]
[PlyCount "80"]
[EventDate "2002.04.24"]

1. d3 d5 2. b3 e5 3. Bb2 d4 4. Nf3 Nc6 5. g3 Bd6 6. Bg2 Nge7 7. O-O O-O 8. Nbd2
Nb4 9. Nc4 c6 10. Nfd2 Bc7 11. Ne4 Nbd5 12. Ba3 b5 13. Ncd2 b4 14. Bc1 f5 15.
Nc5 Bd6 16. Na4 Ba6 17. Qe1 Bb5 18. Nb2 Rb8 19. Nbc4 Bc7 20. a3 a5 21. a4 Ba6
22. Nf3 Bxc4 23. bxc4 Nc3 24. Ng5 Qd6 25. e3 h6 26. Nf3 Rfe8 27. exd4 exd4 28.
Bf4 Qd7 29. Qd2 Bxf4 30. Qxf4 Ne2+ 31. Kh1 Nxf4 32. Rfe1 Nxg2 33. Kxg2 Ng6 34.
Rf1 c5 35. Kg1 Re2 36. Rfd1 Qc6 37. Ne1 f4 38. f3 fxg3 39. Kf1 Rxe1+ 40. Kxe1
Qxf3 0-1

[Event "VIII Torneo Leonardo di Bona B"]
[Site "Cutro ITA"]
[Date "2002.04.28"]
[Round "5"]
[White "Olivo, Paolo"]
[Black "Baffa, Pietro"]
[Result "0-1"]
[WhiteElo "1570"]
[BlackElo "1636"]
[PlyCount "110"]
[EventDate "2002.04.24"]

1. e4 c5 2. Nf3 d6 3. d4 cxd4 4. Nxd4 a6 5. Nc3 e5 6. Nb3 Be6 7. Be3 Nf6 8. f3
Nbd7 9. g4 h6 10. Nd5 Bxd5 11. exd5 b5 12. a3 Nb6 13. Bxb6 Qxb6 14. Qd2 Rc8 15.
O-O-O Qc7 16. h4 Nxd5 17. Bd3 g6 18. Rhe1 Be7 19. g5 hxg5 20. hxg5 Nf4 21. Kb1
Bxg5 22. c3 Nxd3 23. Qxd3 Ke7 24. Na1 Rcd8 25. Nc2 Qc4 26. Nb4 Qxd3+ 27. Rxd3
Ra8 28. Red1 Rhd8 29. Nc6+ Ke6 30. Nxd8+ Rxd8 31. Rh1 Re8 32. b3 Bf6 33. Kc2 d5
34. Rhd1 Rd8 35. b4 Bg7 36. Kb3 f5 37. a4 e4 38. fxe4 fxe4 39. Rg3 Kf7 40. axb5
axb5 41. Rf1+ Bf6 42. Rh3 Rc8 43. Rh7+ Ke6 44. Ra1 g5 45. Rh6 Rxc3+ 46. Kb2
Rh3+ 47. Rxf6+ Kxf6 48. Ra5 g4 49. Rxb5 Ke5 50. Rc5 g3 51. Rc1 Rh2+ 52. Kb3 g2
53. Rg1 Kf4 54. b5 Kf3 55. b6 Rh7 0-1

[Event "VIII Torneo Leonardo di Bona B"]
[Site "Cutro ITA"]
[Date "2002.04.28"]
[Round "5"]
[White "Paragliola, Gennaro"]
[Black "Liperoti, Mimmo"]
[Result "0-1"]
[WhiteElo "1495"]
[BlackElo "1600"]
[PlyCount "107"]
[EventDate "2002.04.24"]

1. d4 d5 2. c4 Nf6 3. Bg5 e6 4. e3 b6 5. Nf3 Be7 6. Nc3 h6 7. Bh4 g5 8. Bg3 Nh5
9. Qc2 Bb7 10. cxd5 Nxg3 11. hxg3 exd5 12. O-O-O Nc6 13. Be2 Qd6 14. Nb5 Qf6
15. Nxc7+ Kd7 16. Nxa8 Rxa8 17. Bb5 Kd8 18. Bxc6 Rc8 19. Kb1 Bxc6 20. Rc1 Bd7
21. Qd2 Bf5+ 22. Ka1 Be4 23. Rxc8+ Kxc8 24. Rc1+ Kb7 25. Ne1 a5 26. f3 Bf5 27.
Qc3 Bd6 28. Qc6+ Ka7 29. g4 Bg6 30. Qxd5 Qe7 31. Rc8 Qb7 32. Qxb7+ Kxb7 33. Rh8
Bg3 34. e4 Bxe1 35. d5 Bb4 36. e5 Kc7 37. Rxh6 Kd7 38. e6+ Ke7 39. a3 Bd6 40.
Ka2 Kf6 41. Kb3 b5 42. a4 bxa4+ 43. Kxa4 Ke5 44. Kxa5 Kxd5 45. exf7 Bxf7 46. b4
Bf4 47. Ka6 Kd4 48. Rf6 Bc4+ 49. b5 Ke3 50. Kb6 Bf1 51. Kc6 Bxg2 52. b6 Kxf3
53. Rxf4+ Kxf4+ 54. Kc7 0-1

[Event "VIII Torneo Leonardo di Bona B"]
[Site "Cutro ITA"]
[Date "2002.04.28"]
[Round "5"]
[White "Procopio, Giuseppe"]
[Black "Levato, Biagio"]
[Result "1/2-1/2"]
[WhiteElo "1432"]
[BlackElo "1413"]
[PlyCount "122"]
[EventDate "2002.04.24"]

1. e4 c5 2. Nf3 Nc6 3. d4 cxd4 4. Nxd4 e6 5. a3 Nf6 6. Nc3 a6 7. Nf3 Qc7 8. Be2
Be7 9. O-O b5 10. b4 O-O 11. Bg5 Bb7 12. Bh4 Rad8 13. Qe1 d6 14. Bd3 Rfe8 15.
h3 h6 16. Bg3 Nh7 17. e5 d5 18. Nd1 Nf8 19. Qe2 Nd7 20. Re1 Nb6 21. Qf1 Nc4 22.
c3 Ra8 23. Bxc4 dxc4 24. Qe2 a5 25. Ne3 axb4 26. axb4 Qc8 27. Bf4 Bd8 28. Ng4
Ne7 29. Nd4 Nd5 30. Nxh6+ Kf8 31. Bd2 gxh6 32. Bxh6+ Ke7 33. Qf3 Rg8 34. Bd2
Nf4 35. Qxf4 Bxg2 36. Kh2 Qb7 37. Rg1 Rxa1 38. Rxa1 Bxh3 39. Qh4+ Ke8 40. Qxh3
Qe4 41. f4 Qg6 42. Nf3 Qd3 43. Rg1 Rxg1 44. Kxg1 Bb6+ 45. Kh2 Qe2+ 46. Qg2 Bf2
47. Be1 Bg1+ 48. Kxg1 Qe3+ 49. Kh1 Qxf4 50. Bd2 Qf5 51. Be3 Qh7+ 52. Qh2 Qb1+
53. Bg1 Qd3 54. Bd4 Qxf3+ 55. Qg2 Qh5+ 56. Kg1 Qd1+ 57. Kf2 Qd2+ 58. Kg3 Qg5+
59. Kf3 Qf5+ 60. Kg3 Qg5+ 61. Kh2 Qh5+ 1/2-1/2